| Tag |
First Indicator |
Second Indicator |
Subfields |
| LEADER |
00000nam a2200000Ia 4500 |
| 001 |
in00004242621 |
| 005 |
20200807091734.0 |
| 006 |
m g d |
| 007 |
cr bn |||a|bb| |
| 008 |
840223s1657 enka o 00| | eng d |
| 035 |
|
|
|a (OCoLC)10450698
|
| 040 |
|
|
|a UMI
|c UMI
|d WaOLN
|
| 037 |
|
|
|a CL0037000048
|b ProQuest Information and Learning. 300 N. Zeeb Rd., Ann Arbor, MI 48106
|
| 043 |
|
|
|a e-uk-en
|
| 045 |
0 |
|
|b d1657
|
| 049 |
|
|
|a UMIA
|
| 090 |
|
|
|a AY751
|b .G32 1657
|
| 100 |
1 |
|
|a Gadbury, John,
|d 1627-1704.
|
| 245 |
1 |
0 |
|a Speculum astrologicum, or, An astrological glasse representing the year 1657 :
|b with astrological judgments thereon and tables astronomical, observations chronological very usefull : as also the rising and setting of the moon, aspects of the planets, and time of high-water at London Bridge every day in the year : referred chiefly to the meridian of the famous and flourishing university and city of Oxford, whose latitude is 51d. 42m. /
|c by John Gadbury.
|
| 260 |
|
|
|a London :
|b Printed by E. Brudenell for the Company of Stationers,
|c 1657.
|
| 300 |
|
|
|a 1 online resource ([46] pages :
|b illustrations.
|
| 336 |
|
|
|a text
|b txt
|2 rdacontent
|
| 337 |
|
|
|a computer
|b c
|2 rdamedia
|
| 338 |
|
|
|a online resource
|b cr
|2 rdacarrier
|
| 500 |
|
|
|a Reproduction of original in the Bodleian Library.
|
| 510 |
4 |
|
|a Wing
|c A1783.
|
| 533 |
|
|
|a Electronic reproduction.
|b Ann Arbor, Mich. :
|c UMI,
|d 1999-
|f (Early English books online)
|n Digital version of: (Early English books, 1641-1700 ; 1392:51)
|7 s1999 miun s
|
| 650 |
|
0 |
|a Almanacs, English.
|
| 650 |
|
0 |
|a Astrology
|v Early works to 1800.
|
| 650 |
|
0 |
|a Ephemerides.
|
| 740 |
0 |
|
|a Speculum astrologicum.
|
| 740 |
0 |
|
|a Astrological glasse representing the year 1657.
|
| 830 |
|
0 |
|a Early English books online.
|
| 856 |
4 |
0 |
|u http://proxy.library.tamu.edu/login?url=https://search.proquest.com/docview/2240852995
|z Connect to the full text of this electronic book
|t 0
|
| 999 |
f |
f |
|s c25a6211-c017-31b5-9316-e360d2b7cabd
|i 0b015741-01a8-3f10-9372-f1a74fdea4bd
|t 0
|
| 952 |
f |
f |
|a Texas A&M University
|b College Station
|c Electronic Resources
|d Available Online
|t 0
|e AY751 .G32 1657
|h Library of Congress classification
|
| 998 |
f |
f |
|a AY751 .G32 1657
|t 0
|l Available Online
|